000 01644nam a2200253Ia 4500
999 _c52647
_d52647
001 19671
003 GE_BSU
005 20200317204351.0
008 181216s2016||||ge |||||||||||||| ||geo||
020 _a19878745
040 _cGE_BSU
041 _ageo
080 _a94(479.223) ბ-17
245 _aბათუმი წარსული და თანამედროვეობა VII = Batumi past and present :
_bსაერთაშორისო სამეცნიერო კონფერენციის მასალები 2016 წლის 2-3 სექტემბერი /
_cსარედ. კოლ. ბიჭიკო დიასამიძე (მთ.რედ) ; პასუხისმგ. რედ. ოლეგ ჯიბაშვილი.
264 _aბათუმი :
_bშოთა რუსთაველის უნიტის გამ-ბა,
_c2016.
300 _a460 გვ. ;
_c26 სმ.
541 _h20ლ.
653 _aსაქართველოს ისტორია
700 _a დიასამიძე, ბიჭიკო
_eმთავარი რედაქტორი
_97755
700 _a ჯიბაშვილი, ოლეგ
_eპასუისმგებელი რედაქტორი
_97756
710 _aბათუმის სახელმწიფო უნივერსიტეტი
_95889
710 _aნიკო ბერძენიშვილის ინსტიტუტი
_bისტორიისა და არქეოლოგიის განყოფილება
_97757
942 _cBK
_2udc